000 00589nam a2200181Ia 4500
008 151018s9999 xx 000 0 und d
082 _bRBASDV19491
_a920
100 _aगजानन जागीरदार
245 _aपाऊलखुणा
250 _b1
260 _bमॅजेस्टीक प्रकाशन मुंबई
_c1986
300 _a260
600 _aगजानन जागीरदार
630 _aपाऊलखुणा
700 _aगजानन जागीरदार
730 _aपाऊलखुणा
942 _cBOOK
999 _c1020130
_d1020127